000
00326nam a2200133Ia 4500
008
230312s9999||||xx |||||||||||||| ||und||
082
_a
891.4
_b
KAS-M
100
_a
محمد کاشف بٹ
245
0
_a
میں فقط خاک ہوں
260
_b
ilam e irfan
_a
pak
_c
2013
300
_a
112
650
_a
Literature
942
_c
BK
999
_c
15055
_d
15055